Ensambles semi-analytiques

שמור ב:
מידע ביבליוגרפי
מחבר ראשי: Lojasiewicz, Stanislaw (autor)
פורמט: ספר
שפה:צרפתית
יצא לאור: París Institut des Hautes Etudes Scientifiques 1965
נושאים:
תגים: הוספת תג
אין תגיות, היה/י הראשונ/ה לתייג את הרשומה!

MARC

LEADER 00000nam a2200000 a 4500
001 UCP3995
003 CL-VaPUC
008 990709e19650000fr |||||||||||||||||fre|d
082 0 4 |a 515.7  |b LOJ  |2 21 
100 |a Lojasiewicz, Stanislaw  |e autor  |9 431418 
245 1 0 |a Ensambles semi-analytiques 
300 |a 153 p 
942 |c BK 
945 |d 19990709 00:00:00  |a crobeson 
260 |a París  |b Institut des Hautes Etudes Scientifiques  |c 1965 
650 0 |a Análisis funcional   |9 269993 
650 0 |a Funciones analíticas  |9 270036 
650 0 |a Análisis complejo   |9 260214 
650 0 |a Números complejos  |9 270335 
583 |a last modification  |c 20171114 01:15:42  |k Rodrigo Vera 
999 |c 282085  |d 282083 
952 |0 0  |1 0  |4 0  |6 515_700000000000000_LOJ_1965  |7 0  |8 A  |9 323500  |a BIBMAT  |b BIBMAT  |d 2019-11-20  |i 1353144  |o 515.7 LOJ 1965  |p 1353144  |r 2025-01-07  |w 2019-11-20  |y BK  |k MAT